<?xml version="1.0" encoding="UTF-8"?>
<record
    xmlns:xsi="http://www.w3.org/2001/XMLSchema-instance"
    xsi:schemaLocation="http://www.loc.gov/MARC21/slim http://www.loc.gov/standards/marcxml/schema/MARC21slim.xsd"
    xmlns="http://www.loc.gov/MARC21/slim">

  <leader>01234nam a2200277   4500</leader>
  <datafield tag="952" ind1=" " ind2=" ">
    <subfield code="a">0001</subfield>
    <subfield code="b">0001</subfield>
    <subfield code="d">2019-04-09</subfield>
    <subfield code="l">0</subfield>
    <subfield code="o">956.101543 W64g 2014</subfield>
    <subfield code="p">019142</subfield>
    <subfield code="r">2019-04-09 00:00:00</subfield>
    <subfield code="w">2019-04-09</subfield>
    <subfield code="y">BKS</subfield>
  </datafield>
  <datafield tag="999" ind1=" " ind2=" ">
    <subfield code="c">13115</subfield>
    <subfield code="d">13115</subfield>
  </datafield>
  <controlfield tag="003">MIRAKIL</controlfield>
  <controlfield tag="005">20190409171245.0</controlfield>
  <controlfield tag="008">190409b        tu ||||| |||| 00| 0 tur d</controlfield>
  <datafield tag="020" ind1=" " ind2=" ">
    <subfield code="a">9786053320944</subfield>
  </datafield>
  <datafield tag="040" ind1=" " ind2=" ">
    <subfield code="a">TR-AnCHP</subfield>
    <subfield code="c">TR-AnCHP</subfield>
  </datafield>
  <datafield tag="041" ind1=" " ind2=" ">
    <subfield code="a">tur</subfield>
  </datafield>
  <datafield tag="082" ind1=" " ind2=" ">
    <subfield code="a">956.101543</subfield>
    <subfield code="b">W64g 2014</subfield>
  </datafield>
  <datafield tag="100" ind1=" " ind2=" ">
    <subfield code="a">Wolf, Klaus</subfield>
  </datafield>
  <datafield tag="245" ind1="1" ind2="0">
    <subfield code="a">Gelibolu 1915 :</subfield>
    <subfield code="b">Birinci D&#xFC;nya Harbi'nde Alman-T&#xFC;rk askeri ittifak&#x131; /</subfield>
    <subfield code="c">Klaus Wolf ; &#xE7;eviri: E&#x15F;ref Bengi &#xD6;zbilen.</subfield>
  </datafield>
  <datafield tag="246" ind1=" " ind2=" ">
    <subfield code="a">Birinci D&#xFC;nya Harbi'nde Alman-T&#xFC;rk askeri ittifak&#x131;</subfield>
  </datafield>
  <datafield tag="260" ind1=" " ind2=" ">
    <subfield code="a">&#x130;stanbul :</subfield>
    <subfield code="b">T&#xFC;rkiye &#x130;&#x15F; Bankas&#x131; K&#xFC;lt&#xFC;r Yay&#x131;nlar&#x131;,</subfield>
    <subfield code="c">2014.</subfield>
  </datafield>
  <datafield tag="300" ind1=" " ind2=" ">
    <subfield code="a">679 s.:</subfield>
    <subfield code="b">fot&#x11F;., hrt. (ktl.)., tbl. ;</subfield>
    <subfield code="c">20 sm.</subfield>
  </datafield>
  <datafield tag="490" ind1="0" ind2=" ">
    <subfield code="a">T&#xFC;rkiye &#x130;&#x15F; Bankas&#x131; K&#xFC;lt&#xFC;r Yay&#x131;nlar&#x131; ;</subfield>
    <subfield code="a">&#xC7;anakkale Sava&#x15F;&#x131; dizisi ;</subfield>
    <subfield code="v">genel yay&#x131;n no: 2976.</subfield>
    <subfield code="v">4.</subfield>
  </datafield>
  <datafield tag="500" ind1=" " ind2=" ">
    <subfield code="a">&#xD6;zg&#xFC;n yap&#x131;t ad&#x131;: Gallipoli 1915 : das deutsch-turkische Milita&#xE4;rbundnis im Ersten Weltkrieg</subfield>
  </datafield>
  <datafield tag="504" ind1=" " ind2=" ">
    <subfield code="a">Kaynak&#xE7;a ve dizin vard&#x131;r.</subfield>
  </datafield>
  <datafield tag="650" ind1=" " ind2="0">
    <subfield code="9">5606</subfield>
    <subfield code="a">D&#xFC;nya sava&#x15F;&#x131;, I</subfield>
    <subfield code="x">&#x130;ttifaklar</subfield>
    <subfield code="y">1914-1918</subfield>
    <subfield code="z">T&#xFC;rkiye</subfield>
    <subfield code="z">Almanya</subfield>
  </datafield>
  <datafield tag="650" ind1=" " ind2="0">
    <subfield code="9">5121</subfield>
    <subfield code="a">&#xC7;anakkale sava&#x15F;&#x131;</subfield>
    <subfield code="x">Tarih</subfield>
    <subfield code="y">1915-1916</subfield>
    <subfield code="z">T&#xFC;rkiye</subfield>
  </datafield>
  <datafield tag="700" ind1=" " ind2=" ">
    <subfield code="9">5607</subfield>
    <subfield code="a">&#xD6;zbilen, E&#x15F;ref Bengi</subfield>
    <subfield code="e">&#xE7;ev.</subfield>
  </datafield>
  <datafield tag="740" ind1=" " ind2=" ">
    <subfield code="a">Birinci D&#xFC;nya Harbi'nde Alman-T&#xFC;rk askeri ittifak&#x131;</subfield>
  </datafield>
  <datafield tag="942" ind1=" " ind2=" ">
    <subfield code="2">ddc</subfield>
    <subfield code="c">BKS</subfield>
  </datafield>
</record>
